| 000 | 00488nam a22001817a 4500 | ||
|---|---|---|---|
| 005 | 20251108164656.0 | ||
| 008 | 250721s9999 xx 000 0 ara d | ||
| 082 | 1 | 4 | _a811.9624/هاد |
| 100 | 1 | _aآدم، الهادي | |
| 245 | 1 | 0 | _aديوان كوخ الأشواق / |
| 250 | _aط2. | ||
| 264 | 1 |
_aبيروت : _bدار الثقافة، _c[19-]. |
|
| 300 | _a140ص : مص | ||
| 650 | 1 | 7 | _aالشعر العربي |
| 650 | 1 | 7 | _aالسودان |
| 942 |
_2ddc _cBK |
||
| 999 |
_c11565 _d11565 |
||